[Event "Challenge"]
[Site "http://www.queenalice.com/game.php?id=908287"]
[Date "2011.3.4"]
[Round "-"]
[White "ludimad"]
[Black "JacopoTheThinker"]
[Result "1-0"]
[WhiteElo "1100"]
[BlackElo "1500"]

1. d3 e5 2. e4 Nf6 3. h4 Bb4+ 4. c3 Ba5 5. Rh3 h5 6. Rg3 g6 7. b4 Bb6 8. a4 a5
9. Bg5 Na6 10. Qf3 O-O 11. Bxf6 Qe8 12. Qxh5 Bxf2+ 13. Kxf2 Qe6 14. Qh8# 1-0

[Event "Challenge"]
[Site "http://www.queenalice.com/game.php?id=908998"]
[Date "2011.3.5"]
[Round "-"]
[White "ludimad"]
[Black "JacopoTheThinker"]
[Result "1-0"]
[WhiteElo "1100"]
[BlackElo "1500"]

1. e3 e5 2. h4 d5 3. Nf3 e4 4. Ne5 f6 5. Bb5+ c6 6. Qh5+ g6 7. Nxg6 cxb5 8.
Nxh8+ Ke7 9. Qxh7+ Ke6 10. Qxg8+ Kd6 11. Ng6 Nd7 12. Nc3 b6 13. Qxd5+ Kc7 14.
Qxa8 a5 15. Nxb5# 1-0

[Event "Challenge"]
[Site "http://www.queenalice.com/game.php?id=909505"]
[Date "2011.3.7"]
[Round "-"]
[White "JacopoTheThinker"]
[Black "ludimad"]
[Result "1-0"]
[WhiteElo "1396"]
[BlackElo "1167"]

1. d4 e6 2. Nf3 Nc6 3. e4 Bb4+ 4. c3 Ba5 5. b4 Bb6 6. e5 Nh6 7. Bg5 Ne7 8. b5 c5
9. Na3 d6 10. Nc4 Bc7 11. a4 cxd4 12. cxd4 dxe5 13. dxe5 Qd5 14. Qd3 a6 15. Ne3
Qd7 16. Qc3 axb5 17. Bxb5 Ba5 18. Bxd7+ Bxd7 19. Qxa5 Rxa5 20. Nc4 Rxa4 21. Rc1
f6 22. exf6 gxf6 23. Bxf6 Rf8 24. Bg5 Ng4 25. h3 Nf6 26. O-O Bb5 27. Nd6+ Kd7
28. Nxb5 Ra5 29. Rfd1+ Ke8 30. Rb1 Ne4 31. Bh6 Rf5 32. Nbd4 e5 33. Nxf5 Nxf5 34.
Bd2 Ra2 35. Be1 Ned6 36. Nxe5 b5 37. Ra1 Re2 38. Nd3 Nd4 39. Rd2 Nc4 40. Raa2 b4
41. Rxe2+ Nxe2+ 42. Rxe2+ Kd7 43. Bxb4 Nd6 44. Ne5+ Ke6 45. f4 Nf5 46. g4 Nh4
47. Nc6+ Kd5 48. Ne7+ Kc4 49. Re4+ Kd3 50. Re5 Nf3+ 51. Kf2 Nd2 52. Rd5+ Kc4 53.
Bxd2 Kb3 54. Nc6 Kc2 55. Nb4+ Kd1 56. Na2 Kc2 57. Ke3 h6 58. Rc5+ Kb3 59. Nc1+
Kb2 60. Rc3 h5 61. Nb3 hxg4 62. hxg4 Ka2 63. Nc1+ Kb2 64. Kd3 Kb1 65. Rb3+ Ka1
66. Bc3# 1-0

[Event "Challenge"]
[Site "http://www.queenalice.com/game.php?id=912310"]
[Date "2011.3.13"]
[Round "-"]
[White "JacopoTheThinker"]
[Black "ludimad"]
[Result "1-0"]
[WhiteElo "1385"]
[BlackElo "1086"]

1. Nf3 e6 2. e4 c5 3. d4 Na6 4. d5 Nf6 5. Nc3 Nb4 6. a3 Qa5 7. dxe6 fxe6 8. e5
Ne4 9. Be3 d5 10. Bb5+ Bd7 11. Bxd7+ Kxd7 12. axb4 Qxb4 13. O-O d4 14. Nxd4 cxd4
15. Qxd4+ Qxd4 16. Bxd4 Nd2 17. Rfd1 Nc4 18. b3 Nb6 19. Na4 Kc7 20. c3 Nd5 21.
b4 Be7 22. g3 h5 23. b5 Kd7 24. Bc5 Ke8 25. c4 Nc7 26. b6 axb6 27. Bxb6 Rc8 28.
c5 Rf8 29. f4 g5 30. Rf1 h4 31. fxg5 hxg3 32. hxg3 Bxg5 33. Nc3 Na6 34. Nb5 Rd8
35. Nd6+ Ke7 36. Nxb7 Rd2 37. Rxa6 Be3+ 38. Rf2 Bxf2+ 39. Kg2 Be3+ 40. Kh3 Rh8+
41. Kg4 Rg8+ 42. Kf3 Rd3 43. Ke4 Rb3 44. Na5 Rg4+ 45. Kf3 Rf4+ 46. gxf4 Bxc5+
47. Nxb3 Bxb6 48. Rxb6 Kd7 49. Rb7+ Kc6 50. Re7 Kd5 51. Na5 Kc5 52. Rxe6 Kd5 53.
Re8 Kd4 54. e6 Kd5 55. f5 Ke5 56. Kg4 Ke4 57. e7 Ke5 58. Rd8 Kf6 59. e8=Q Kg7
60. Nc6 Kh7 61. Qh8# 1-0

[Event "Challenge"]
[Site "http://www.queenalice.com/game.php?id=912311"]
[Date "2011.3.13"]
[Round "-"]
[White "shanforchess"]
[Black "JacopoTheThinker"]
[Result "0-1"]
[WhiteElo "1256"]
[BlackElo "1363"]

1. e4 e5 2. Bc4 Nf6 3. a3 c6 4. Ba2 d5 5. exd5 cxd5 6. c3 e4 7. Qa4+ Nc6 8. Ne2
Qa5 9. Qxa5 Nxa5 10. Nf4 Bd6 11. O-O Bxf4 12. g3 Bd6 13. b4 Nc4 14. Bxc4 dxc4
15. Rd1 Bg4 16. Re1 O-O 17. Rf1 b6 18. d3 cxd3 19. Bf4 Rfd8 20. Nd2 Rac8 21.
Bxd6 Rxd6 22. Rae1 Be2 23. Rxe2 dxe2 24. Re1 Rxd2 0-1

[Event "Challenge"]
[Site "http://www.queenalice.com/game.php?id=915388"]
[Date "2011.3.21"]
[Round "-"]
[White "Petrucio"]
[Black "JacopoTheThinker"]
[Result "0-1"]
[WhiteElo "1387"]
[BlackElo "1392"]

1. c3 d5 2. d4 Nf6 3. Bf4 Nc6 4. Be5 Ng4 5. f3 Ngxe5 6. g3 Nc4 7. Qc2 e5 8. b3
Ne3 9. Qd2 Nxf1 10. Kxf1 e4 11. fxe4 dxe4 12. h4 f5 13. Qg5 Qf6 14. Qh5+ g6 15.
Qg5 Be7 16. d5 Ne5 17. Qh6 c6 18. Nh3 cxd5 19. Qf4 Bd6 20. Qg5 O-O 21. Rh2 Ng4
22. Rh1 Bxg3 23. h5 f4 24. Qxd5+ Be6 25. Qxb7 f3 26. Rg1 Nh2# 0-1

[Event "Challenge"]
[Site "http://www.queenalice.com/game.php?id=916678"]
[Date "2011.3.23"]
[Round "-"]
[White "JacopoTheThinker"]
[Black "renet54"]
[Result "0-1"]
[WhiteElo "1446"]
[BlackElo "1502"]

1. e4 c5 2. c4 d6 3. Nf3 Nf6 4. d3 g6 5. d4 cxd4 6. Nxd4 Bg7 7. b4 Nxe4 8. b5
O-O 9. Bd3 f5 10. f3 Nc5 11. Bf4 Bxd4 12. Na3 Qa5+ 13. Qd2 Bc3 14. Nb1 Bxd2+ 15.
Bxd2 Nxd3+ 16. Ke2 Qb6 17. Kxd3 d5 18. cxd5 Qxb5+ 19. Kd4 Rd8 20. Nc3 Nc6+ 21.
Ke3 Qc5+ 22. Kd3 Ne5+ 23. Kc2 Nc4 24. g4 Ne3+ 25. Bxe3 Qxe3 26. Rhf1 fxg4 27.
fxg4 Bxg4 28. Rae1 Qc5 29. Re5 Rac8 30. Re3 Qxe3 31. Rd1 Qxc3+ 32. Kb1 Bf5+ 33.
Rd3 Bxd3# 0-1

[Event "Challenge"]
[Site "http://www.queenalice.com/game.php?id=920390"]
[Date "2011.4.1"]
[Round "-"]
[White "JacopoTheThinker"]
[Black "shanforchess"]
[Result "0-1"]
[WhiteElo "1398"]
[BlackElo "1273"]

1. c4 e5 2. e4 Qh4 3. d3 Nf6 4. g3 Qh5 5. Nf3 Nc6 6. Be3 Ng4 7. Nc3 Nxe3 8. fxe3
Be7 9. d4 Bb4 10. d5 Bxc3+ 11. bxc3 d6 12. Nh4 Bg4 13. Be2 g6 14. Bxg4 Qh6 15.
Qe2 O-O 16. O-O-O Ne7 17. Rhf1 g5 18. Nf5 Nxf5 19. exf5 a5 20. e4 Rab8 0-1

[Event "AUTO-OPEN-2321"]
[Site "http://www.queenalice.com/game.php?id=920475"]
[Date "2011.4.1"]
[Round "1"]
[White "musampa"]
[Black "JacopoTheThinker"]
[Result "1-0"]
[WhiteElo "1980"]
[BlackElo "1400"]

1. f4 c5 2. e3 d6 3. Bb5+ Bd7 4. Bxd7+ Qxd7 5. Nf3 Nc6 6. O-O Nf6 7. b3 d5 8.
Bb2 c4 9. d4 e6 10. Ne5 Qc7 11. Nd2 Bd6 12. a3 O-O 13. bxc4 dxc4 14. Ndxc4 b5
15. Nxd6 Qxd6 16. Qf3 1-0

[Event "AUTO-OPEN-2321"]
[Site "http://www.queenalice.com/game.php?id=920476"]
[Date "2011.4.1"]
[Round "1"]
[White "JacopoTheThinker"]
[Black "musampa"]
[Result "0-1"]
[WhiteElo "1400"]
[BlackElo "1978"]

1. e4 e5 2. Nf3 Nc6 3. c3 d6 4. d4 Bg4 5. d5 Nce7 6. c4 Qd7 7. Nc3 O-O-O 8. Bd3
Nf6 9. O-O h5 10. Bg5 h4 11. g3 Bh3 12. Nxh4 Bxf1 13. Kxf1 Qh3+ 14. Ke1 Qxh2 0-1

[Event "AUTO-OPEN-2321"]
[Site "http://www.queenalice.com/game.php?id=920501"]
[Date "2011.4.1"]
[Round "1"]
[White "JacopoTheThinker"]
[Black "LUKK22"]
[Result "0-1"]
[WhiteElo "1377"]
[BlackElo "2365"]

1. Nf3 g6 2. e4 Bg7 3. d3 d6 4. d4 Nf6 5. e5 dxe5 6. Nxe5 O-O 7. Bd3 Qxd4 8. Nf3
Qc5 9. O-O Rd8 10. Be3 Qh5 0-1

[Event "AUTO-OPEN-2321"]
[Site "http://www.queenalice.com/game.php?id=920503"]
[Date "2011.4.1"]
[Round "1"]
[White "JacopoTheThinker"]
[Black "chaosagent"]
[Result "0-1"]
[WhiteElo "1367"]
[BlackElo "1755"]

1. b4 e5 2. Nc3 Bxb4 3. a3 Bc5 4. Nf3 Nf6 5. Nxe5 O-O 6. e3 a6 7. Bd3 Re8 8. f4
d6 9. Nf3 h6 10. e4 b6 11. Nd5 Nxe4 12. Bxe4 Rxe4+ 13. Ne3 Qe8 14. O-O b5 0-1

[Event "AUTO-OPEN-2321"]
[Site "http://www.queenalice.com/game.php?id=920504"]
[Date "2011.4.1"]
[Round "1"]
[White "chaosagent"]
[Black "JacopoTheThinker"]
[Result "1-0"]
[WhiteElo "1753"]
[BlackElo "1402"]

1. d4 d5 2. c4 dxc4 3. Qa4+ Nc6 4. Qxc4 Nxd4 5. Nc3 e5 6. Qd3 c5 7. Nf3 Nf6 8.
Nxe5 Bd6 9. Nf3 Nxf3+ 10. Qxf3 O-O 11. Bg5 Bg4 12. Qd3 Re8 13. h3 Bd7 14. e4 1-0

[Event "AUTO-INT-1997"]
[Site "http://www.queenalice.com/game.php?id=920547"]
[Date "2011.4.1"]
[Round "1"]
[White "Mariojose"]
[Black "JacopoTheThinker"]
[Result "1-0"]
[WhiteElo "1559"]
[BlackElo "1462"]

1. e4 Nc6 2. a3 b5 3. Bxb5 Nf6 4. Nc3 d5 5. Bxc6+ Bd7 6. exd5 Bxc6 7. dxc6 e5 8.
b4 a6 9. Qe2 Be7 10. Nf3 Bd6 11. O-O O-O 12. Ng5 Re8 13. Nge4 Re6 14. Nxf6+ Qxf6
15. Nd5 Qf5 16. d3 a5 17. Qf3 Qg6 18. Qg3 Qxg3 19. fxg3 axb4 20. a4 Ra6 21. Bd2
Rxc6 22. a5 Rxc2 23. Nxb4 Rxd2 24. a6 Bxb4 25. a7 Bc5+ 26. Kh1 Bxa7 27. Rxa7 Re7
28. Ra8+ Re8 29. Rxe8# 1-0

[Event "AUTO-INT-1997"]
[Site "http://www.queenalice.com/game.php?id=920548"]
[Date "2011.4.1"]
[Round "1"]
[White "JacopoTheThinker"]
[Black "Mariojose"]
[Result "1-0"]
[WhiteElo "1431"]
[BlackElo "1559"]

1. d4 d5 2. Nc3 Nf6 3. e3 Bg4 4. Nf3 e6 5. h3 Bf5 6. Bd3 Bxd3 7. Qxd3 Bb4 8. a3
Bd6 9. b4 O-O 10. b5 b6 11. a4 Bb4 12. Ba3 Bxc3+ 13. Qxc3 Ne4 14. Qd3 Re8 15.
O-O a6 16. c4 dxc4 17. Qxe4 Qd5 18. Qxd5 Ra7 19. Qxc4 1-0

[Event "AUTO-INT-1997"]
[Site "http://www.queenalice.com/game.php?id=920559"]
[Date "2011.4.1"]
[Round "1"]
[White "kadu10"]
[Black "JacopoTheThinker"]
[Result "1-0"]
[WhiteElo "1683"]
[BlackElo "1428"]

1. e4 Nc6 2. Nc3 e5 3. Nf3 d6 4. Bc4 Be6 5. Bb3 Nf6 6. h3 Nd4 7. Nxd4 exd4 8.
Ne2 c5 9. d3 d5 10. exd5 Bxd5 11. Bxd5 Qxd5 12. O-O Bd6 13. c4 Qe6 14. Re1 O-O
15. Nxd4 Qxe1+ 16. Qxe1 cxd4 17. Bg5 1-0

[Event "AUTO-INT-1997"]
[Site "http://www.queenalice.com/game.php?id=920560"]
[Date "2011.4.1"]
[Round "1"]
[White "JacopoTheThinker"]
[Black "kadu10"]
[Result "0-1"]
[WhiteElo "1420"]
[BlackElo "1689"]

1. Nc3 c5 2. e4 d6 3. b3 Nf6 4. Bd3 g6 5. Nf3 Bg7 6. a4 b6 7. O-O Bb7 8. Qe2 O-O
9. Nh4 e6 10. Nb5 Nc6 11. c3 a6 12. Na3 Re8 13. c4 Nd4 14. Qd1 Nxe4 15. Bxe4
Bxe4 16. Re1 Qxh4 17. d3 Bb7 0-1

[Event "AUTO-INT-1997"]
[Site "http://www.queenalice.com/game.php?id=920567"]
[Date "2011.4.1"]
[Round "1"]
[White "JacopoTheThinker"]
[Black "rrenato"]
[Result "0-1"]
[WhiteElo "1414"]
[BlackElo "1550"]

1. e4 c5 2. c4 Nf6 3. d3 Nc6 4. Nf3 d6 5. d4 Bg4 6. d5 Bxf3 7. Qxf3 Nd4 8. Qg3
Nc2+ 9. Kd1 Nxa1 10. Nc3 a6 11. Be2 Rb8 12. a4 g6 13. Bf4 Qb6 14. Kc1 Qb3 0-1

[Event "AUTO-INT-1997"]
[Site "http://www.queenalice.com/game.php?id=920568"]
[Date "2011.4.1"]
[Round "1"]
[White "rrenato"]
[Black "JacopoTheThinker"]
[Result "1-0"]
[WhiteElo "1569"]
[BlackElo "1375"]

1. e4 Nf6 2. Nc3 e5 3. Nf3 d6 4. Bc4 c5 5. d3 Nc6 6. Ng5 Be6 7. Bxe6 fxe6 8.
Nxe6 Qe7 9. Nd5 Qxe6 10. Nc7+ Kd8 11. Nxe6+ Kd7 12. Ng5 d5 13. exd5 Nxd5 14.
Qg4+ Ke8 15. Ne6 Be7 16. Qxg7 Rf8 17. Nxf8 1-0